Islands of the Netherlands - Statistics

General Stats
  • This quiz has been taken 464 times
  • The average score is 15 of 48
Answer Stats
Answer % Correct
Texel
89%
Terschelling
87%
Ameland
86%
Vlieland
85%
Schiermonnikoog
84%
Curaçao
80%
Aruba
79%
Bonaire
78%
Sint Maarten
75%
Saba
61%
Sint Eustatius
49%
Rottumeroog
48%
Rottumerplaat
48%
Flevopolder
45%
Goeree-Overflakkee
36%
Marken
34%
Schouwen-Duiveland
29%
Noord-Beveland
25%
Pampus
25%
Tholen
25%
Walcheren
23%
Zuid-Beveland
21%
Griend
20%
Tiengemeten
20%
Noorderhaaks
19%
Engelsmanplaat
15%
Klein Bonaire
14%
Neeltje Jans
14%
Richel
14%
Eiland van Dordrecht
13%
IJsselmonde
13%
Klein Curaçao
13%
Simonszand
13%
Het Rif
12%
Hoeksche Waard
12%
Voorne-Putten
12%
Zuiderduintjes
12%
IJsseloog
9%
Rozenburg
9%
De Kreupel
6%
Vuurtoreneiland
5%
Cow & Calff
4%
Green Islands
4%
Guana Key
4%
Hen & Chickens
4%
Kagereiland
4%
Pelikan Key
3%
Molly Beday
2%
No matching quizzes found
Score Distribution
Percent of People with Each Score
Percentile by Number Answered
Your Score History
You have not taken this quiz